[Event "Magdeburg op-B"]
[Site "Magdeburg"]
[Date "2014.06.11"]
[Round "6"]
[White "Katholy, Joshua"]
[Black "Bardorz, Stefan"]
[Result "0-1"]
[WhiteElo "1104"]
[BlackElo "1047"]
[PlyCount "96"]
[EventDate "2014.06.08"]
[EventType "swiss"]
[EventRounds "9"]
[EventCountry "GER"]
[SourceTitle "CBM 160 Extra"]
[Source "ChessBase"]
[SourceDate "2014.07.01"]
[SourceVersion "1"]
[SourceVersionDate "2014.07.01"]
[SourceQuality "1"]

1. e4 e5 2. Nf3 Nc6 3. Nc3 Nf6 4. Bc4 Nxe4 5. Bxf7+ Kxf7 6. Nxe4 d5 7. Ng3 e4 8. Ng1 Bd6 9. N1e2 Rf8 10. d3 exd3 11. Qxd3 Bxg3 12. hxg3 h6 13. Bd2 Kg8 14. 0-0-0 Qf6 15. f4 Be6 16. Kb1 Ne7 17. Nd4 Bd7 18. Bc3 c5 19. Ne2 d4 20. Bd2 Nc6 21. Qf3 b5 22. Qd5+ Qe6 23. Qxe6+ Bxe6 24. Rhf1 Bg4 25. Rde1 g5 26. a3 Rae8 27. Rf2 c4 28. c3 Bxe2 29. Rfxe2 Rxe2 30. Rxe2 gxf4 31. gxf4 d3 32. Re6 Na5 33. Rxh6 Rf7 34. Rg6+ Kh7 35. Rg5 Nb3 36. Be3 Rd7 37. Rh5+ Kg6 38. Rh1 Re7 39. Bd4 d2 40. Rd1 a6 41. Kc2 Re2 42. g4 a5 43. Be5 Rg2 44. g5 Re2 45. Bd4 b4 46. a4 Kf5 47. Be5 Na1+ 48. Kb1 Re1 0-1

[Event "Magdeburg op-B"]
[Site "Magdeburg"]
[Date "2014.06.10"]
[Round "5"]
[White "Lohrmann, Linus"]
[Black "Katholy, Joshua"]
[Result "0-1"]
[WhiteElo "978"]
[BlackElo "1104"]
[PlyCount "62"]
[EventDate "2014.06.08"]
[EventType "swiss"]
[EventRounds "9"]
[EventCountry "GER"]
[SourceTitle "CBM 160 Extra"]
[Source "ChessBase"]
[SourceDate "2014.07.01"]
[SourceVersion "1"]
[SourceVersionDate "2014.07.01"]
[SourceQuality "1"]

1. e4 e5 2. Nf3 Nc6 3. Bc4 Nf6 4. Nc3 Bc5 5. 0-0 d6 6. d3 Bg4 7. Ne2 Bxf3 8. gxf3 Qd7 9. Kh1 0-0-0 10. Rg1 g6 11. Qf1 h6 12. Ng3 Nd4 13. Qd1 Rdg8 14. f4 Rg7 15. f5 gxf5 16. Nxf5 Rg6 17. Rxg6 fxg6 18. Nxh6 Qh3 19. Be6+ Qxe6 20. c3 Nb5 21. Be3 Bxe3 22. Nf7 Qxf7 23. fxe3 d5 24. Qf1 dxe4 25. dxe4 Nd6 26. c4 Qh7 27. h3 Ndxe4 28. Rd1 Ng3+ 29. Kg1 Nxf1 30. Rxf1 Qxh3 31. Rf2 Qh1# 0-1

[Event "GER-chT U10"]
[Site "Magdeburg"]
[Date "2013.12.28"]
[Round "5.3"]
[White "Katholy, Joshua"]
[Black "Polzer, Luis"]
[Result "1-0"]
[WhiteElo "1094"]
[BlackElo "600"]
[PlyCount "63"]
[EventDate "2013.12.27"]
[EventType "team-swiss"]
[EventRounds "5"]
[EventCountry "GER"]
[SourceTitle "EXT 2015"]
[Source "ChessBase"]
[SourceDate "2014.11.20"]
[SourceVersion "1"]
[SourceVersionDate "2014.11.20"]
[SourceQuality "1"]
[WhiteTeam "Ruedersdorf"]
[BlackTeam "Braunschweig"]
[WhiteTeamCountry "GER"]
[BlackTeamCountry "GER"]

1. e4 Nf6 2. Nc3 e6 3. Nf3 Bd6 4. d4 Ng4 5. h3 Bb4 6. hxg4 Ba5 7. Bd2 Nc6 8. Bb5 Nb4 9. a3 Nc6 10. Qe2 d6 11. d5 Qd7 12. dxc6 bxc6 13. Ba4 Bb7 14. 0-0-0 0-0 15. Bf4 e5 16. Nxe5 Qe6 17. Nf3 Qxg4 18. g3 Rae8 19. Rh4 Qg6 20. Ng5 h6 21. Nf3 d5 22. e5 Bc8 23. Nd4 Bb6 24. Nxc6 Bd7 25. Nxd5 Bxc6 26. Bxc6 Qxc6 27. Be3 Ba5 28. f4 Qg6 29. Qg4 Qc6 30. f5 Rxe5 31. Bxh6 Rxd5 32. Qxg7# 1-0